| Tag |
First Indicator |
Second Indicator |
Subfields |
| LEADER |
00000cam a2200000 a 4500 |
| 001 |
in00000981981 |
| 005 |
20150927112250.0 |
| 008 |
900226r19891936at a b 00110 eng |
| 010 |
|
|
|a 90122846
|
| 020 |
|
|
|a 0702221473
|
| 020 |
|
|
|a 0702221481 (pbk.)
|
| 035 |
|
|
|a (OCoLC)21175298
|
| 035 |
|
|
|9 AEW3702AM
|
| 040 |
|
|
|a DLC
|c DLC
|d UtOrBLW
|
| 043 |
|
|
|a u-at---
|
| 049 |
|
|
|a TXAM
|
| 050 |
0 |
0 |
|a D547.A8
|b S39 1989
|
| 082 |
0 |
0 |
|a 994.04/1
|2 20
|
| 100 |
1 |
|
|a Scott, Ernest,
|c Sir,
|d 1868-1939.
|
| 245 |
1 |
0 |
|a Australia during the war /
|c by Ernest Scott ; series editor, Robert O'Neill ; with introduction by Michael McKernan.
|
| 264 |
|
1 |
|a St. Lucia, Qld., Australia :
|b University of Queensland Press in association with the Australian War Memorial ;
|c 1989.
|
| 264 |
|
2 |
|a Portland, Or. :
|b Distributed in the USA and Canada by International Specialized Book Services,
|
| 300 |
|
|
|a xlix, 922 pages :
|b illustrations ;
|c 23 cm.
|
| 336 |
|
|
|a text
|b txt
|2 rdacontent
|
| 337 |
|
|
|a unmediated
|b n
|2 rdamedia
|
| 338 |
|
|
|a volume
|b nc
|2 rdacarrier
|
| 490 |
1 |
|
|a The Official history of Australia in the war of 1914-1918 ;
|v v. 11
|
| 500 |
|
|
|a Reprint. Originally published: Sydney : Angus and Robertson, 1936.
|
| 504 |
|
|
|a Includes bibliographical references and index.
|
| 650 |
|
0 |
|a World War, 1914-1918
|z Australia.
|
| 651 |
|
0 |
|a Australia
|x History
|y 20th century.
|
| 700 |
1 |
|
|a O'Neill, Robert.
|
| 700 |
1 |
|
|a McKernan, Michael,
|d 1945-
|
| 830 |
|
0 |
|a Official history of Australia in the war of 1914-1918 ;
|v v. 11.
|
| 999 |
|
|
|a MARS
|
| 999 |
f |
f |
|s c79ea2eb-763c-35bb-ae51-71ff248f0cfa
|i a5cd4d26-16de-3b90-a108-d1877d40b694
|t 0
|
| 952 |
f |
f |
|p ric
|a Texas A&M University
|b Rellis Campus
|c Joint Library Facility
|d Remote Storage
|t 0
|e D547.A8 S39 1989
|h Library of Congress classification
|i unmediated -- volume
|m A14813767595
|
| 998 |
f |
f |
|a D547.A8 S39 1989
|t 0
|l Remote Storage
|